000
00241 a2200097 4500
001
52168
100
_a
Mascia L
245
_a
Thermoplastics: Materials Engineering
260
_a
London
_b
Applied Science Publishers
_c
090
_c
32831
_d
32831
942
_a
NUST-CAE
_c
M
_c
25371
999
_c
287241
_d
287241